Le partage du secret : Cultures du dévoilement et de l’occultation en Europe, du Moyen Âge à l'époque moderne (notice n° 2198422)

détails MARC
000 -LEADER
fixed length control field 01578cam a2200145 4500500
005 - DATE AND TIME OF LATEST TRANSACTION
control field 20260405085539.0
041 ## - LANGUAGE CODE
Language code of text/sound track or separate title fre
042 ## - AUTHENTICATION CODE
Authentication code dc
100 10 - MAIN ENTRY--PERSONAL NAME
Personal name Darbord, Bernard
Relator term author
245 00 - TITLE STATEMENT
Title Le partage du secret : Cultures du dévoilement et de l’occultation en Europe, du Moyen Âge à l'époque moderne
260 ## - PUBLICATION, DISTRIBUTION, ETC.
Name of publisher, distributor, etc. Armand Colin,<br/>
Date of publication, distribution, etc. 2013.<br/>
520 ## - SUMMARY, ETC.
Summary, etc. Le secret et le dévoilement représentent les deux faces d’une même pièce, que la littérature se plaît à mettre en scène. Paradoxalement, le secret ne peut être identifié comme tel qu’au moment de sa révélation, même partielle. L’idéal médiéval du partage du secret conférait à autrui une haute reconnaissance dans une intimité pure de toute dissimulation. À la Renaissance, il cède la place à une fascination nouvelle pour le secret, qui devient un instrument de contrôle social et une technique de domination politique. Les œuvres littéraires du XVe au XVIIe siècle révèlent la passion pour ce « tourniquet métaphysique du secret », selon les termes de Louis Marin. Désormais, on exhibe simultanément le pouvoir et la vanité du spectacle du secret, en jouant avec virtuosité de sa propre dénudation. Dirigé par Bernard Darbord et Agnès Delage, cet ouvrage pluridisciplinaire retrace, sur la longue durée, les reconfigurations que connaît la culture du secret en Europe, entre le Moyen Âge et l’époque moderne.
700 10 - ADDED ENTRY--PERSONAL NAME
Personal name Delage, Agnès
Relator term author
856 41 - ELECTRONIC LOCATION AND ACCESS
Uniform Resource Identifier <a href="https://shs.cairn.info/le-partage-du-secret--9782200277208?lang=fr&redirect-ssocas=7080">https://shs.cairn.info/le-partage-du-secret--9782200277208?lang=fr&redirect-ssocas=7080</a>

Pas d'exemplaire disponible.

PLUDOC

PLUDOC est la plateforme unique et centralisée de gestion des bibliothèques physiques et numériques de Guinée administré par le CEDUST. Elle est la plus grande base de données de ressources documentaires pour les Étudiants, Enseignants chercheurs et Chercheurs de Guinée.

Adresse

627 919 101/664 919 101

25 boulevard du commerce
Kaloum, Conakry, Guinée

Réseaux sociaux

Powered by Netsen Group @ 2025